[Event "Canadian op"]
[Site "Edmonton"]
[Date "2005.07.14"]
[Round "7"]
[White "Hill, Rod"]
[Black "Faust, Steven"]
[Result "1-0"]
[WhiteElo "1904"]
[BlackElo "1722"]
[PlyCount "35"]
[EventDate "2005.07.09"]
[EventType "swiss"]
[EventRounds "10"]
[EventCountry "CAN"]
[SourceTitle "CBM 107 Extra"]
[Source "ChessBase"]
[SourceDate "2005.09.01"]
[SourceVersion "1"]
[SourceVersionDate "2005.09.01"]
[SourceQuality "1"]

1. e4 e6 2. d4 d5 3. e5 c5 4. c3 Qb6 5. Nf3 Bd7 6. Be2 Bb5 7. 0-0 Bxe2 8. Qxe2 Nc6 9. Be3 cxd4 10. Bxd4 Nxd4 11. cxd4 Rc8 12. Nc3 a6 13. Rac1 Ne7 14. Na4 Qa7 15. Rxc8+ Nxc8 16. Qc2 Qb8 17. Rc1 Kd8 18. Ng5 1-0

[Event "Canadian op"]
[Site "Edmonton"]
[Date "2005.07.12"]
[Round "5"]
[White "Hill, Rod"]
[Black "Miller, Mike"]
[Result "1-0"]
[WhiteElo "1904"]
[BlackElo "1661"]
[PlyCount "48"]
[EventDate "2005.07.09"]
[EventType "swiss"]
[EventRounds "10"]
[EventCountry "CAN"]
[SourceTitle "CBM 107 Extra"]
[Source "ChessBase"]
[SourceDate "2005.09.01"]
[SourceVersion "1"]
[SourceVersionDate "2005.09.01"]
[SourceQuality "1"]

1. e4 c6 2. Nc3 d5 3. Nf3 Bg4 4. h3 Bxf3 5. Qxf3 e6 6. d3 Nf6 7. Bd2 Nfd7 8. Qg3 g6 9. h4 d4 10. Ne2 c5 11. h5 e5 12. hxg6 fxg6 13. f4 Bg7 14. Rxh7 Qf6 15. Rxh8+ Bxh8 16. fxe5 Nxe5 17. Nf4 Nbc6 18. Nd5 Qd6 19. Be2 0-0-0 20. 0-0-0 b5 21. Bf4 Rf8 22. Rh1 Nb4 23. Nxb4 cxb4 24. Rxh8 Nxd3+ 1-0

[Event "Canadian op"]
[Site "Edmonton"]
[Date "2005.07.10"]
[Round "3"]
[White "Hill, Rod"]
[Black "Peter, Steven"]
[Result "0-1"]
[WhiteElo "1904"]
[BlackElo "2297"]
[PlyCount "82"]
[EventDate "2005.07.09"]
[EventType "swiss"]
[EventRounds "10"]
[EventCountry "CAN"]
[SourceTitle "CBM 107 Extra"]
[Source "ChessBase"]
[SourceDate "2005.09.01"]
[SourceVersion "1"]
[SourceVersionDate "2005.09.01"]
[SourceQuality "1"]

1. e4 c5 2. f4 d5 3. exd5 Nf6 4. Bb5+ Bd7 5. Bxd7+ Qxd7 6. c4 e6 7. dxe6 fxe6 8. Nf3 Nc6 9. 0-0 0-0-0 10. Nc3 Bd6 11. d3 Bc7 12. Be3 Ng4 13. Bxc5 b6 14. Bf2 Nxf2 15. Rxf2 Bxf4 16. Re2 Rhf8 17. Qe1 Qxd3 18. Rxe6 Qxc4 19. Qe2 Qxe2 20. Nxe2 Bd6 21. Rc1 Kd7 22. Re4 Rde8 23. Nc3 Bc5+ 24. Kh1 Rxe4 25. Nxe4 Be3 26. Rd1+ Kc7 27. Re1 Bd4 28. Nxd4 Nxd4 29. Kg1 Kc6 30. Nc3 Rf7 31. Re4 Kc5 32. Ne2 Nxe2+ 33. Rxe2 Kd4 34. Rc2 g5 35. Rc3 b5 36. a3 h5 37. h3 a5 38. g3 Rf5 39. Rc2 b4 40. axb4 axb4 41. b3 Rc5 0-1

[Event "CAN-ch op"]
[Site "Sackville"]
[Date "2001.07.14"]
[Round "9"]
[White "Hill, Rod"]
[Black "Lawson, Eric"]
[Result "1/2-1/2"]
[WhiteElo "1799"]
[BlackElo "2074"]
[PlyCount "109"]
[EventDate "2001.07.??"]
[EventType "swiss"]
[EventRounds "10"]
[EventCountry "CAN"]
[SourceTitle "EXT 2006"]
[Source "ChessBase"]
[SourceDate "2005.11.24"]
[SourceVersion "1"]
[SourceVersionDate "2005.11.24"]
[SourceQuality "1"]

1. e4 c5 2. c3 Nf6 3. e5 Nd5 4. d4 cxd4 5. Nf3 e6 6. cxd4 d6 7. Nc3 Nxc3 8. bxc3 Qc7 9. Bb2 Bd7 10. Bd3 Bc6 11. exd6 Bxd6 12. h3 Nd7 13. 0-0 h6 14. c4 0-0-0 15. Rc1 Kb8 16. d5 Nc5 17. Nd4 exd5 18. Nxc6+ Qxc6 19. cxd5 Qxd5 20. Bc4 Qg5 21. Qf3 f6 22. Rfd1 Qf4 23. Qxf4 Bxf4 24. Rxd8+ Rxd8 25. Re1 Kc7 26. g3 Bd6 27. Kg2 a6 28. Bf1 b5 29. g4 Bf8 30. Bc3 Kb6 31. h4 a5 32. Rb1 b4 33. a3 Na4 34. Be1 Rd4 35. Kh3 Bc5 36. f3 Kc6 37. axb4 axb4 38. Kg3 Nc3 39. Rc1 Rd1 40. Rxd1 Nxd1 41. f4 Ne3 42. Bd3 b3 43. h5 Nc2 44. Bc3 Bd4 45. Bd2 Kc5 46. g5 hxg5 47. fxg5 fxg5 48. Bxg5 Be5+ 49. Kf3 Kd4 50. Ke2 Kc3 51. Bd2+ Kb2 52. h6 gxh6 53. Bxh6 Kb1 54. Kd1 Bc3 55. Bc1 1/2-1/2

[Event "CAN-ch op"]
[Site "Sackville"]
[Date "2001.07.11"]
[Round "6"]
[White "Hill, Rod"]
[Black "Mayo, Alvah Morrison"]
[Result "0-1"]
[WhiteElo "1799"]
[BlackElo "2204"]
[PlyCount "72"]
[EventDate "2001.07.??"]
[EventType "swiss"]
[EventRounds "10"]
[EventCountry "CAN"]
[SourceTitle "EXT 2006"]
[Source "ChessBase"]
[SourceDate "2005.11.24"]
[SourceVersion "1"]
[SourceVersionDate "2005.11.24"]
[SourceQuality "1"]

1. e4 g6 2. d4 Bg7 3. Nc3 c5 4. Be3 Qa5 5. Qd2 cxd4 6. Bxd4 Nf6 7. Nge2 Nc6 8. Be3 0-0 9. Bh6 Bxh6 10. Qxh6 Nxe4 11. h4 Nxc3 12. Nxc3 Qe5+ 13. Be2 Nd4 14. Qd2 Nxe2 15. Qxe2 Qxe2+ 16. Nxe2 d6 17. 0-0 Bd7 18. Rfe1 Rfc8 19. c3 Rc4 20. g3 Rac8 21. Nf4 e5 22. Nd5 Rd8 23. Ne3 Rc6 24. Rad1 Be6 25. a3 Kf8 26. Kg2 Ke7 27. Rd2 f5 28. f4 Rcc8 29. Rde2 Rc5 30. Nc2 Bd5+ 31. Kf2 Be4 32. Ne3 Ke6 33. fxe5 dxe5 34. Rd1 Rxd1 35. Nxd1 Rd5 36. Ne3 Rd3 0-1